| 000 | 00432nam a22001577a 4500 | ||
|---|---|---|---|
| 001 | T027600004294 | ||
| 008 | 181111b xve|||||r|||| 00| | esp d | ||
| 099 |
_aIVP-D-00946 _b |
||
| 100 | _aBianchi, Daniel. | ||
| 245 | _aNotas sobre la teoría del desarrollo económico Latinoamericano. | ||
| 260 | _a | ||
| 500 | _aFotocopiado | ||
| 650 | _aDesarrollo Económico--Teorías--Latinoamérica. | ||
| 650 | _aEspañol | ||
| 942 | _cLIB | ||
| 999 |
_c5434 _d5434 |
||